1429 1679 1574 1948 1971 1389 1269 1897 1443 1696 1995 1249 1602 1108 1209 1858 1458 1277 1599 1974 1723 1924 1631 1359 1753 1081 1278 1460 1330 1253 1385 1179 1648 1876 1681 1816 1211 1395 1559 1917 1811 1059 1328 1969 1087 1199 1333 1315 1835 1227 1039 1919 1782 1092 1068 1652 1007 1967 1230 1995 1156 1790 1572 1470 1296 1922 1739 1587 1153 1861 1688 1100 1223 1031 1001 1771 1220 1647 1666 1198 1813 1298 1961 1072 1564 1336 1446 1948 1502 1122 1004 1661 1453 1016 1424 1081 1335 1790 1263 BCNSPRNW ULIB Ver.6.0+V

เปลี่ยนเป็นภาษาไทย

Change to English
 แสดงรายละเอียดบรรณานุกรม
  กลับหน้าหลัก

Brief Record : Get Marc (ISO 2709) : E-mail record : QR code < ปิดหน้าต่าง
LEADER : 00000nam 2200000uu 4500
001    13399125015
003     ULIB
008    160529s2558||||th 000 0 tha d
020    ^a9786162797125
060 04 ^aWM141^bก452
100 0  ^aมาโนช หล่อตระกูล,^eบรรณาธิการ
245 00 ^aการตรวจสัมภาษณ์ทางจิตเวช /^cมาโนช หล่อตระกูล, บรรณาธิการ
250    ^aพิมพ์ครั้งที่ 1
260    ^aกรุงเทพฯ :^bภาควิชาจิตเวชศาสตร์ คณะแพทยศาสตร์ โรงพยาบาลรามาธิบดีมหาวิทยาลัยมหิดล,^c2558
300    ^av,266 หน้า ;^c23 ซม.
490 0  ^aโครงการตำรา-รามาธิบดี
650  2 ^aInterview, Psychological
650  4 ^aจิตเวชศาสตร์^xการวินิจฉัยโรค
653    ^aการสัมภาษณ์ทางจิต
710 2  ^aมหาวิทยาลัยมหิดล. ^bคณะแพทยศาสตร์ โรงพยาบาลรามาธิบดี^bภาควิชาจิตเวชศาสตร์
945    ^p320^l0^i001063
945    ^p320^l0^i001064
945    ^p320^l0^i001065
945    ^p320^l0^i001066
945    ^p320^l0^i001067
945    ^p320^l0^i001068
945    ^p320^l0^i001069
945    ^p320^l0^i001070
945    ^p320^l0^i001071
945    ^p320^l0^i001072
999    ^aเกษร โพธิ์สุวรรณ
รายการนี้ยังไม่มีแท็ก
คุณยังไม่ได้ล็อกอิน คุณสามารถมีกิจกรรมร่วมกับเว็บไซต์ได้ แต่ต้องล็อกอินก่อน ::
  ล็อกอิน

รายการสื่อสารสนเทศ

ลำดับที่ ประเภท เลขเรียก/บาร์โค้ด สถานที่ สถานะ
1. วิทยาศาสตร์การแพทย์ และสุขภาพ
วิทยาศาสตร์การแพทย์ และสุขภาพ
สถานะ=หนังสือเก่า
WM141 ก452 ฉ.1 
  Barcode: 001063
ห้องสมุดวิทยาเขตสวรรค์ประชารักษ์
►ส่วนจัดเก็บหนังสือเก่า สปร
บนชั้น
  ขอยืม
2. วิทยาศาสตร์การแพทย์ และสุขภาพ
วิทยาศาสตร์การแพทย์ และสุขภาพ
สถานะ=หนังสือเก่า
WM141 ก452 ฉ.10 
  Barcode: 001072
ห้องสมุดวิทยาเขตสวรรค์ประชารักษ์
►ส่วนจัดเก็บหนังสือเก่า สปร
บนชั้น
  ขอยืม
3. วิทยาศาสตร์การแพทย์ และสุขภาพ
วิทยาศาสตร์การแพทย์ และสุขภาพ
สถานะ=หนังสือเก่า
WM141 ก452 ฉ.2 
  Barcode: 001064
ห้องสมุดวิทยาเขตสวรรค์ประชารักษ์
►ส่วนจัดเก็บหนังสือเก่า สปร
บนชั้น
  ขอยืม
4. วิทยาศาสตร์การแพทย์ และสุขภาพ
วิทยาศาสตร์การแพทย์ และสุขภาพ
สถานะ=หนังสือเก่า
WM141 ก452 ฉ.3 
  Barcode: 001065
ห้องสมุดวิทยาเขตสวรรค์ประชารักษ์
►ส่วนจัดเก็บหนังสือเก่า สปร
บนชั้น
  ขอยืม
5. วิทยาศาสตร์การแพทย์ และสุขภาพ
วิทยาศาสตร์การแพทย์ และสุขภาพ
สถานะ=หนังสือเก่า
WM141 ก452 ฉ.4 
  Barcode: 001066
ห้องสมุดวิทยาเขตสวรรค์ประชารักษ์
►ส่วนจัดเก็บหนังสือเก่า สปร
บนชั้น
  ขอยืม
6. วิทยาศาสตร์การแพทย์ และสุขภาพ
วิทยาศาสตร์การแพทย์ และสุขภาพ
สถานะ=หนังสือเก่า
WM141 ก452 ฉ.5 
  Barcode: 001067
ห้องสมุดวิทยาเขตสวรรค์ประชารักษ์
►ส่วนจัดเก็บหนังสือเก่า สปร
บนชั้น
  ขอยืม
7. วิทยาศาสตร์การแพทย์ และสุขภาพ
วิทยาศาสตร์การแพทย์ และสุขภาพ
สถานะ=หนังสือเก่า
WM141 ก452 ฉ.6 
  Barcode: 001068
ห้องสมุดวิทยาเขตสวรรค์ประชารักษ์
►ส่วนจัดเก็บหนังสือเก่า สปร
บนชั้น
  ขอยืม
8. วิทยาศาสตร์การแพทย์ และสุขภาพ
วิทยาศาสตร์การแพทย์ และสุขภาพ
สถานะ=หนังสือเก่า
WM141 ก452 ฉ.7 
  Barcode: 001069
ห้องสมุดวิทยาเขตสวรรค์ประชารักษ์
►ส่วนจัดเก็บหนังสือเก่า สปร
บนชั้น
  ขอยืม
9. วิทยาศาสตร์การแพทย์ และสุขภาพ
วิทยาศาสตร์การแพทย์ และสุขภาพ
สถานะ=หนังสือเก่า
WM141 ก452 ฉ.8 
  Barcode: 001070
ห้องสมุดวิทยาเขตสวรรค์ประชารักษ์
►ส่วนจัดเก็บหนังสือเก่า สปร
บนชั้น
  ขอยืม
10. วิทยาศาสตร์การแพทย์ และสุขภาพ
วิทยาศาสตร์การแพทย์ และสุขภาพ
สถานะ=หนังสือเก่า
WM141 ก452 ฉ.9 
  Barcode: 001071
ห้องสมุดวิทยาเขตสวรรค์ประชารักษ์
►ส่วนจัดเก็บหนังสือเก่า สปร
บนชั้น
  ขอยืม

รายการใกล้เคียง
    หัวเรื่อง [Interview, Psychological]

BibComment


ยังไม่เคยถูกคอมเมนท์

คอมเมนท์ทรัพยากรรายการนี้
  คอมเมนท์: การตรวจสัมภาษณ์ท..


 Copyright 2026. Bcnsprnw @Library